Odhadovanie hodnoty internetových spoločností

Hodnotenie internetových spoločností. Hodnotenie založené na zákazníkovi. Hospodárnosť získavania zákazníkov. Hodnotenie tradičných spoločností. Udržanie si zákazníka je rozhodujúcim nositeľom celkovej hodnoty. Väčšina internetových spoločností sa sústredí na získavanie zákazníkov bez ohľadu na ich...

ver descrição completa

Na minha lista:
Detalhes bibliográficos
Autor principal: Gupta, Sunil
Outros Autores: Lehmann, Donald
Formato: Capítulo de Livro
Idioma:eslovaco
Assuntos:
Tags: Adicionar Tag
Sem tags, seja o primeiro a adicionar uma tag!

MARC

LEADER 00000naa a2200000 4500
001 r042952
005 20230921111428.6
041 0 |a slo 
044 |a SK 
245 1 0 |a Odhadovanie hodnoty internetových spoločností  |c Sunil Gupta, Donald Lehmann 
520 |a Hodnotenie internetových spoločností. Hodnotenie založené na zákazníkovi. Hospodárnosť získavania zákazníkov. Hodnotenie tradičných spoločností. Udržanie si zákazníka je rozhodujúcim nositeľom celkovej hodnoty. Väčšina internetových spoločností sa sústredí na získavanie zákazníkov bez ohľadu na ich kvalitu. 
610 2 0 |a zákazníci 
610 2 0 |a hodnota 
610 2 0 |a internet 
610 2 0 |a spoločnosti 
610 2 0 |a hospodárnosť 
610 2 0 |a kvalita 
100 1 |a Gupta, Sunil 
700 1 |a Lehmann, Donald